| 000 | 00531nam a22001817a 4500 | ||
|---|---|---|---|
| 003 | OSt | ||
| 005 | 20251127161759.0 | ||
| 008 | 251127b |||||||| |||| 00| 0 eng d | ||
| 020 | _a971-503-157-9. | ||
| 040 |
_aDWCL-Main lib _cOC |
||
| 082 | _aFil. 222.16 L313p 2003 | ||
| 100 | _aLapiz, Ed | ||
| 245 |
_aPuro Utos! Puro Utos! : _bthe Ten Commandments of God _cLapiz, Ed |
||
| 260 |
_aPasig City : _bICI Ministries, _cc2003. |
||
| 300 |
_a256 pages ; _c18 cm. |
||
| 650 | _21. Ten commandments. | ||
| 942 |
_2ddc _cBK - FIL _kFil. _n0 |
||
| 999 |
_c6515 _d6515 |
||